<?xml version="1.0" encoding="UTF-8"?>
<record
    xmlns:xsi="http://www.w3.org/2001/XMLSchema-instance"
    xsi:schemaLocation="http://www.loc.gov/MARC21/slim http://www.loc.gov/standards/marcxml/schema/MARC21slim.xsd"
    xmlns="http://www.loc.gov/MARC21/slim">

  <leader>01095nam a22001697a 4500</leader>
  <datafield tag="952" ind1=" " ind2=" ">
    <subfield code="0">0</subfield>
    <subfield code="1">0</subfield>
    <subfield code="2">lcc</subfield>
    <subfield code="4">0</subfield>
    <subfield code="7">0</subfield>
    <subfield code="a">08</subfield>
    <subfield code="b">08</subfield>
    <subfield code="d">2014-09-09</subfield>
    <subfield code="l">4</subfield>
    <subfield code="o">KGF7695 R672 2009</subfield>
    <subfield code="p">08 005068</subfield>
    <subfield code="r">2018-08-23</subfield>
    <subfield code="s">2018-08-23</subfield>
    <subfield code="t">1</subfield>
    <subfield code="w">2014-09-09</subfield>
    <subfield code="y">LB</subfield>
  </datafield>
  <datafield tag="999" ind1=" " ind2=" ">
    <subfield code="c">93949</subfield>
    <subfield code="d">93949</subfield>
  </datafield>
  <controlfield tag="008">140909s2009    mx ||||| |||| 00| 0 spa d</controlfield>
  <datafield tag="020" ind1=" " ind2=" ">
    <subfield code="a">9786070902420</subfield>
  </datafield>
  <datafield tag="050" ind1="0" ind2="4">
    <subfield code="a">KGF7695</subfield>
    <subfield code="b">R672 2009</subfield>
  </datafield>
  <datafield tag="100" ind1=" " ind2="0">
    <subfield code="a">Rocha Licea, Leticia</subfield>
    <subfield code="e">autor</subfield>
  </datafield>
  <datafield tag="245" ind1="1" ind2="3">
    <subfield code="a">Justicia penal para adolescentes en el Distrito Federal</subfield>
    <subfield code="b">: normatividad local e internacional</subfield>
    <subfield code="c">/ Leticia Rocha Licea</subfield>
  </datafield>
  <datafield tag="260" ind1=" " ind2=" ">
    <subfield code="a">M&#xE9;xico</subfield>
    <subfield code="b">: Editorial Porr&#xFA;a </subfield>
    <subfield code="c">, 2009</subfield>
  </datafield>
  <datafield tag="300" ind1=" " ind2=" ">
    <subfield code="a">xvi, 742 p&#xE1;ginas</subfield>
  </datafield>
  <datafield tag="505" ind1=" " ind2=" ">
    <subfield code="a">Ley de justicia para adolescentes para el Distrito Federal
Normas generales de contenido local aplicables al sistema de justicia para adolescentes
Normas espec&#xED;ficas de contenido local aplicables al sistema de justicia para adolescentes
Normas generales de contenido internacional aplicables al sistema de justicia para adolescentes
Normas espec&#xED;ficas de contenido internacional aplicables al sistema de justicia para adolescentes</subfield>
  </datafield>
  <datafield tag="519" ind1=" " ind2=" ">
    <subfield code="a">Educaci&#xF3;n Mixta /</subfield>
    <subfield code="b">Derecho /</subfield>
    <subfield code="c">Sistema de Justicia Penal Para Adolescentes (P27-1) /</subfield>
    <subfield code="d">(08 005068)</subfield>
  </datafield>
  <datafield tag="650" ind1="1" ind2="0">
    <subfield code="a">ADMINISTRACI&#xD3;N DE JUSTICIA PARA MENORES</subfield>
    <subfield code="z">DISTRITO FEDERAL</subfield>
  </datafield>
  <datafield tag="942" ind1=" " ind2=" ">
    <subfield code="c">LB</subfield>
  </datafield>
</record>
